000 01154nam a22003257a 4500
003 CHAP
005 20220329133656.0
008 971013s1992 r 00010 d
010 _a9369
011 _a10341
035 _a9578
040 _cCHAP
082 _a309.17246
_bS5
100 0 0 _aSierra, María Teresa.
_9105874
245 _aDiscurso cultura y poder
_b: el ejercicio de la autoridad en los pueblos hñahñús del Valle del Mezquital
260 _aMéxico, D. F. :
_bCentro de Investigaciones y Estudios Superiores en Antropología Social,
_c1992
300 _a279 p.
590 _aBATCH-UPD
_b10
_c20130110
_lUCH01
_h1340
590 _aBATCH-UPD
_b10
_c20130410
_lUCH01
_h0841
590 _aBATCH-UPD
_b10
_c20130914
_lUCH01
_h0826
590 _aCONVERSION
_b10
_c20130109
_lUCH01
_h1306
650 1 4 _aCampesinado
_zHidalgo.
_918052
650 1 4 _aHidalgo
_xCondiciones sociales.
_955171
650 1 4 _aHidalgo
_xVida social y costumbres.
_955178
650 1 4 _aHñahñus.
_956070
650 1 4 _aIndios de Hidalgo.
_957615
901 _aBK
942 _cLIBRO
949 _a309.17246 S5
_bBC
_cLIBRO
_d33724000295945
_eLIBRO
_gI. c/e
_h85956
_i9578
_si
_t22.80
999 _c9369
_d9369